Vista normal
Vista MARC
Entrada Nombre personal
Número de registros utilizados en: 32
001 - NÚMERO DE CONTROL
- campo de control: 10278
003 - IDENTIFICADOR DEL NÚMERO DE CONTROL
- campo de control: BNPHU
005 - FECHA Y HORA DE LA ÚLTIMA TRANSACCIÓN
- campo de control: 20240305120453.0
008 - DATOS DE LONGITUD FIJA
- campo de control de longitud fija: 200615|| aca||aabn | a|a d
040 ## - FUENTE DE LA CATALOGACIÓN
- Centro catalogador/agencia de origen: DO-SdBNP
- Lengua de catalogación: spa
- Centro/agencia transcriptor: BNPHU
- Normas de descripción: rda
100 1# - ENCABEZAMIENTO-NOMBRE DE PERSONA
- Nombre de persona: Santos, Danilo de los,
- Fechas asociadas al nombre: 1943-2018
370 ## - LUGAR ASOCIADO
- Lugar de nacimiento: Puerta Plata
- Lugar de fallecimiento: Santiago de los Caballeros
372 ## - CAMPO DE ACTIVIDAD
- Campo de actividad: Historiador
- Campo de actividad: Profesor
- Campo de actividad: Curador
- Campo de actividad: Artista visual
- Campo de actividad: Poeta
375 ## - GÉNERO/SEXO
- Género/Sexo: Masculino
377 ## - LENGUA/LENGUAJE ASOCIADO
- Código del idioma: spa
400 1# - TRAZADO DE VÉASE--NOMBRE DE PERSONA
- Nombre de persona: De los Santos, Danilo
- Fechas asociadas al nombre: 1943-2018
670 ## - FUENTE DE DATOS ENCONTRADOS
- Cita de la fuente: Work cat.: (OSt)3093: Jorge Blanco, Salvador, 1926- 10273, Justicia y prensa /, 1982.
670 ## - FUENTE DE DATOS ENCONTRADOS
- Cita de la fuente: Santos, Danilo de los. Versos de manus : poesía
